An introduction to abnormal psychology /

Bibliographic Details
Main Author: Fisher, V. E. (Vivian Ezra), 1897-
Format: Book
Language:English
Published: New York : The Macmillan company, 1929.
Subjects:

MARC

Tag First Indicator Second Indicator Subfields
LEADER 00000cam a2200000 4500
001 in00000053083
005 20151007080430.0
008 750702s1929 eng u
010 |a  29024028  
035 |a (OCoLC)01425933 
035 |9 AAF4809AM 
040 |c TOL  |d OCL  |d TXA  |d UtOrBLW 
049 |a TXAM  |c [56877] 
050 0 |a BF173  |b .F57 
092 |a 132  |b F536i 
100 1 |a Fisher, V. E.  |q (Vivian Ezra),  |d 1897- 
245 1 3 |a An introduction to abnormal psychology /  |c by V. E. Fisher. 
264 1 |a New York :  |b The Macmillan company,  |c 1929. 
300 |a 512 pages ;  |c 21 cm. 
336 |a text  |b txt  |2 rdacontent 
337 |a unmediated  |b n  |2 rdamedia 
338 |a volume  |b nc  |2 rdacarrier 
650 0 |a Psychology, Pathological. 
740 0 |a Abnormal psychology. 
999 |a MARS 
999 f f |s cee6ecd8-d0ce-369e-a520-c5d85a12dbcb  |i 0c36b0af-8e80-387e-b53e-8da12ce3d279  |t 0 
952 f f |p normal  |a Texas A&M University  |b College Station  |c Sterling C. Evans Library  |d Evans: Library Stacks  |t 0  |e BF173 .F57  |h Library of Congress classification  |i unmediated -- volume  |m A14800511359 
998 f f |a BF173 .F57  |t 0  |l Evans: Library Stacks